000 01031nam a2200313 a 4500
001 vtls001244193
003 NLI
005 20210603180128.0
008 120403s1989 ii 000 1 tam
020 _cRs. 6.00 (pbk.)
039 9 _y201204031908
_zVLOAD
040 _aNLI
_btameng
_cDatasoft_Tamil_S
_eAACR2
041 0 _atam
044 _a ii
082 0 4 _a 894.8113
100 0 _6880-01
_aநீலவன்
_9685
245 1 0 _6880-02
_aஊமைக்குயில் :
_bசிறுகதை தொகுப்பு /
_cநீலவன்
260 _aஇராஜபாளையம் :
_bமுகில் பதிப்பகம்,
_c1989
300 _a72 p. ;
_c18 cm.
650 0 _aTamil fiction
_931130
880 0 _6100-01 (B
_aNīlavan
880 1 0 _6245-02 (B
_aŪmaikkuyil :
_bcirukatai tokuppu /
_cNīlavan
887 _a
901 _a37882
_b05.01.1990
902 _aTa 894.8113 N 8741 u
904 _l17779
942 _2ddc
_cBKS
949 _AVIRTUAITEM
_D10000
_X100
_6DBA000037882TAM
999 _aVIRTUA40
_c543733
_d543733